000 00677nam a22002057a 4500
999 _c18776
_d18776
003 AR-CdUCM
008 190515b ||||| |||| 00| 0 spa d
040 _aMUNICIPALIDAD PROVINCIAL DEL CUSCO
_cBIBLIOTECA MUNICIPAL DEL CUSCO
082 _a918 /
_bEB12
100 _aEble, Kenneth
_939573
245 _aF. Scott Fitzgerald /
260 _aBuenos Aires :
_bPleamar,
_c1974.
300 _a169 paginas ;
_c20 cm.
505 _aContenido: El muchacho de St. Paul -- Princeton -- Exito Precoz -- Un toque de desastre -- El gran gatsby...
650 _aHistoria
_9136
650 _aLiteratura
_983
650 _aScott
_939574
942 _2ddc
_cLIBROS
945 _apjha
_d2019-05-15